[Event "HUN-ch U12 Girls"]
[Site "Balatonlelle"]
[Date "2019.06.25"]
[Round "4"]
[White "Papp, Regina"]
[Black "Kiraly, Lilla Virag"]
[Result "0-1"]
[WhiteElo "1252"]
[BlackElo "1557"]
[PlyCount "136"]
[EventDate "2019.06.22"]
[EventType "swiss"]
[EventRounds "7"]
[EventCountry "HUN"]
[SourceTitle "CBM 191 Extra"]
[Source "ChessBase"]
[SourceDate "2019.09.30"]
[SourceVersion "1"]
[SourceVersionDate "2019.09.30"]
[SourceQuality "1"]

1. e4 c6 2. d4 d5 3. Nc3 dxe4 4. Nxe4 Bf5 5. Nc3 Nf6 6. Bc4 e6 7. Nf3 Bb4 8. 0-0 0-0 9. a3 Be7 10. Bd2 Qc7 11. Bb3 Rd8 12. Qc1 Bd6 13. Ne2 Bg4 14. Bf4 Bxf4 15. Nxf4 Bxf3 16. gxf3 Rxd4 17. Ng2 Na6 18. Rd1 Rad8 19. Rxd4 Rxd4 20. Qe3 Qb6 21. Re1 Rd8 22. Qc1 Nc5 23. Ba2 h6 24. b4 Na4 25. c3 Nd5 26. c4 Ndc3 27. Bb3 Qd4 28. c5 Qd2 29. Qxd2 Rxd2 30. Ne3 Nb2 31. Nc4 Nxc4 32. Bxc4 Kf8 33. Kg2 Na4 34. b5 cxb5 35. Bxb5 Nxc5 36. Rc1 b6 37. a4 Ke7 38. a5 g6 39. axb6 axb6 40. Kg3 Rb2 41. Bf1 Nd7 42. Rc7 Kd6 43. Rb7 Ne5 44. f4 Rb3+ 45. Kg2 Nd7 46. h4 Rb2 47. Ra7 Kc6 48. Ra1 f5 49. Bc4 Kd6 50. Re1 Nc5 51. Rd1+ Ke7 52. Re1 Ne4 53. Be2 b5 54. Kg1 b4 55. f3 Nc3 56. Bc4 Rb1 57. Kf1 Rxe1+ 58. Kxe1 Nd5 59. Bb3 Nxf4 60. Kf2 Nd3+ 61. Ke3 Nc5 62. Bc2 b3 63. Bb1 e5 64. f4 e4 65. Kd4 Kd6 66. Ke3 Kd5 67. Ke2 Kd4 68. Kd2 Na4 0-1